<?xml version="1.0" encoding="UTF-8"?>
<record
    xmlns:xsi="http://www.w3.org/2001/XMLSchema-instance"
    xsi:schemaLocation="http://www.loc.gov/MARC21/slim http://www.loc.gov/standards/marcxml/schema/MARC21slim.xsd"
    xmlns="http://www.loc.gov/MARC21/slim">

  <leader>00888nam a22002297a 4500</leader>
  <controlfield tag="005">20240530110919.0</controlfield>
  <controlfield tag="008">220221s2007    ua a   g b    000 0 ara d</controlfield>
  <datafield tag="020" ind1=" " ind2=" ">
    <subfield code="a">9789953870793</subfield>
  </datafield>
  <datafield tag="040" ind1=" " ind2=" ">
    <subfield code="a">EG-CaGPL</subfield>
    <subfield code="c">EG-CaGPL</subfield>
  </datafield>
  <datafield tag="082" ind1="0" ind2="4">
    <subfield code="2">21</subfield>
    <subfield code="a">338.27282 /</subfield>
    <subfield code="b">&#x645; &#x639;</subfield>
  </datafield>
  <datafield tag="100" ind1="1" ind2=" ">
    <subfield code="a">&#x645;&#x627;&#x631;&#x633;&#x64A;&#x644; &#x60C; &#x641;&#x627;&#x644;&#x64A;&#x631;&#x649; </subfield>
  </datafield>
  <datafield tag="245" ind1="1" ind2="0">
    <subfield code="a">&#x639;&#x645;&#x627;&#x644;&#x642;&#x629; &#x627;&#x644;&#x646;&#x641;&#x637; :</subfield>
    <subfield code="b">&#x634;&#x631;&#x643;&#x627;&#x62A; &#x627;&#x644;&#x646;&#x641;&#x637; &#x627;&#x644;&#x648;&#x637;&#x646;&#x64A;&#x629; &#x641;&#x649; &#x627;&#x644;&#x634;&#x631;&#x642; &#x627;&#x644;&#x627;&#x648;&#x633;&#x637; /</subfield>
    <subfield code="c">&#x62A;&#x627;&#x644;&#x64A;&#x641; &#x641;&#x627;&#x644;&#x64A;&#x631;&#x649; &#x645;&#x627;&#x631;&#x633;&#x64A;&#x644; &#x61B; &#x62A;&#x631;&#x62C;&#x645;&#x629; &#x62D;&#x633;&#x627;&#x646; &#x627;&#x644;&#x628;&#x633;&#x62A;&#x627;&#x646;&#x649; </subfield>
  </datafield>
  <datafield tag="250" ind1=" " ind2=" ">
    <subfield code="a">&#x637;.1</subfield>
  </datafield>
  <datafield tag="260" ind1=" " ind2=" ">
    <subfield code="a">&#x627;&#x644;&#x642;&#x627;&#x647;&#x631;&#x629; : </subfield>
    <subfield code="b">&#x627;&#x644;&#x62F;&#x627;&#x631; &#x627;&#x644;&#x639;&#x631;&#x628;&#x64A;&#x629; &#x644;&#x644;&#x639;&#x644;&#x648;&#x645; - &#x646;&#x627;&#x634;&#x631;&#x648;&#x646;&#x60C;</subfield>
    <subfield code="c">2007</subfield>
  </datafield>
  <datafield tag="300" ind1=" " ind2=" ">
    <subfield code="a">391 &#x635;&#x61B;</subfield>
    <subfield code="c">24 &#x633;&#x645;</subfield>
  </datafield>
  <datafield tag="650" ind1="0" ind2="7">
    <subfield code="a">&#x627;&#x644;&#x628;&#x62A;&#x631;&#x648;&#x644;</subfield>
    <subfield code="2">qrmak</subfield>
  </datafield>
  <datafield tag="650" ind1="0" ind2="7">
    <subfield code="a">&#x627;&#x644;&#x628;&#x62A;&#x631;&#x648;&#x644; </subfield>
    <subfield code="2">qrmak</subfield>
    <subfield code="z">&#x627;&#x644;&#x634;&#x631;&#x642; &#x627;&#x644;&#x627;&#x648;&#x633;&#x637; </subfield>
  </datafield>
  <datafield tag="651" ind1=" " ind2=" ">
    <subfield code="2">qrmak</subfield>
  </datafield>
  <datafield tag="700" ind1="0" ind2=" ">
    <subfield code="a">&#x62D;&#x633;&#x627;&#x646; &#x627;&#x644;&#x628;&#x633;&#x62A;&#x627;&#x646;&#x649; </subfield>
    <subfield code="e">&#x645;&#x62A;&#x631;&#x62C;&#x645; </subfield>
  </datafield>
  <datafield tag="942" ind1=" " ind2=" ">
    <subfield code="2">ddc</subfield>
    <subfield code="c">BK</subfield>
  </datafield>
  <datafield tag="999" ind1=" " ind2=" ">
    <subfield code="c">66441</subfield>
    <subfield code="d">66441</subfield>
  </datafield>
  <datafield tag="952" ind1=" " ind2=" ">
    <subfield code="0">0</subfield>
    <subfield code="1">0</subfield>
    <subfield code="4">0</subfield>
    <subfield code="7">0</subfield>
    <subfield code="a">CAI</subfield>
    <subfield code="b">CAI</subfield>
    <subfield code="d">2022-05-21</subfield>
    <subfield code="l">0</subfield>
    <subfield code="o">338.27282 / &#x645; &#x639;</subfield>
    <subfield code="p">167953</subfield>
    <subfield code="r">2022-05-21 00:00:00</subfield>
    <subfield code="w">2022-05-21</subfield>
    <subfield code="y">BK</subfield>
  </datafield>
</record>
